| 000 | 003070000a22000970004500 | ||
|---|---|---|---|
| 100 | 1 | _aBonilla A., Plutarco | |
| 245 | 1 | 0 | _aCrisis en la evangelización y envagelización en la crisis : Refleciones en torno a Amsterdan 83 |
| 300 | _aVol 5, Núm 10 (1983), Páginas 29-41 | ||
| 773 | 0 | _tPastoralia | |
| 942 | _cANA | ||
| 999 |
_c53273 _d53273 |
||